Curious George (Record no. 11712)
[ view plain ]
| 000 -LEADER | |
|---|---|
| fixed length control field | 00236nam a22000977a 4500 |
| 008 - FIXED-LENGTH DATA ELEMENTS--GENERAL INFORMATION | |
| fixed length control field | 200110b ||||| |||| 00| 0 eng d |
| 020 ## - INTERNATIONAL STANDARD BOOK NUMBER | |
| International Standard Book Number | 9780590020435 |
| 100 ## - MAIN ENTRY--PERSONAL NAME | |
| Personal name | Rey.A.A |
| 9 (RLIN) | 7404 |
| 245 ## - TITLE STATEMENT | |
| Title | Curious George |
| 260 ## - PUBLICATION, DISTRIBUTION, ETC. (IMPRINT) | |
| Place of publication, distribution, etc. | New York |
| Name of publisher, distributor, etc. | Scholastic |
| Withdrawn status | Lost status | Source of classification or shelving scheme | Damaged status | Koha normalized classification for sorting | Not for loan | Home library | Current library | Shelving location | Date acquired | Total Checkouts | Full call number | Barcode | Date last seen | Price effective from | Koha item type |
|---|---|---|---|---|---|---|---|---|---|---|---|---|---|---|---|
| Dewey Decimal Classification | 370_000000000000000_JUNLIB | Good Samaritan School Library | Good Samaritan School Library | FICTION | 01/10/2020 | 370 JUNLIB | REY15767 | 01/10/2020 | 01/10/2020 | BOOK | |||||
| Dewey Decimal Classification | 370_000000000000000_JUNLIB | Good Samaritan School Library | Good Samaritan School Library | FICTION | 01/10/2020 | 370 JUNLIB | REY15768 | 01/10/2020 | 01/10/2020 | BOOK |